Character Drinks Quiz Stats

Quiz not verified by Sporcle

Also try: Short Celebrities
Challenge
Share
Tweet
Embed
Score 0/18 Timer 10:00
0 Plays Today
Drink Character % Correct
Duff BeerHomer J. Simpson
80.1%
Vodka MartiniJames Bond
68.2%
Butter BeerHarry Potter
47.9%
Orange SodaKel
39.5%
White RussianJeffrey 'The Dude' Lebowski
36%
AppletiniJD
33.9%
Orange Mocha FrappacinoDerek Zoolander
14.3%
ScotchRon Burgundy
12.6%
Pan Galactic Gargle BlasterZaphod or Ford
10.8%
Drink Character % Correct
Virgin Cuba LibreSheldon Cooper
8%
Wake up JuiceDr. Emment L. Brown or 'doc' Brown
5.9%
Scotch and Water, Hold the ScotchBobby Boucher
5.6%
Scotch On The Rocks With A Twist, On A Coaster Monica Gellar
5.2%
Cranberry Juice (2007 Production)Sgt. Nicholas Angel
4.5%
MilkMr. T
2.1%
Cranberry Juice (2006 Production)Billy Costigan
2.1%
Dad's Root BeerFrank Abagnale Jr.
0.7%
CampariSteve Zissou
0.7%

You're not logged in!

Compare scores with friends on all Sporcle quizzes.
Join for Free
OR
Log In

You Might Also Like...

Show Comments

Extras

Top Quizzes Today


Score Distribution

Your Account Isn't Verified!

In order to create a playlist on Sporcle, you need to verify the email address you used during registration. Go to your Sporcle Settings to finish the process.

Report this User

Report this user for behavior that violates our Community Guidelines.

Details: